<?xml version="1.0" encoding="UTF-8"?>
<collection xmlns="http://www.loc.gov/MARC21/slim">
 <record>
  <leader>01253nam a22002177a 4500</leader>
  <controlfield tag="001">NCT_4_024267</controlfield>
  <controlfield tag="008">250701b        xxu||||| |||| 00| 0 vie d</controlfield>
  <datafield tag="999" ind1=" " ind2=" ">
   <subfield code="c">9195</subfield>
   <subfield code="d">9195</subfield>
  </datafield>
  <datafield tag="020" ind1=" " ind2=" ">
   <subfield code="a">9786044156248</subfield>
   <subfield code="c">209000</subfield>
  </datafield>
  <datafield tag="082" ind1="0" ind2="4">
   <subfield code="2">23rd ed.</subfield>
   <subfield code="a">658.872</subfield>
   <subfield code="b">A105</subfield>
  </datafield>
  <datafield tag="100" ind1="1" ind2=" ">
   <subfield code="a">Nguyễn Văn Vũ An</subfield>
  </datafield>
  <datafield tag="245" ind1="1" ind2="0">
   <subfield code="a">Khởi sự kinh doanh online :</subfield>
   <subfield code="b">Thực chiến từ thương hiệu Vicosap</subfield>
   <subfield code="c">Nguyễn Văn Vũ An (Chủ biên) ; Lê Thị Hồng Rang, Tăng Tấn Minh</subfield>
  </datafield>
  <datafield tag="260" ind1=" " ind2=" ">
   <subfield code="a">H.</subfield>
   <subfield code="b">Khoa học và kỹ thuật</subfield>
   <subfield code="c">2024</subfield>
  </datafield>
  <datafield tag="300" ind1=" " ind2=" ">
   <subfield code="a">247 tr.</subfield>
   <subfield code="b">Minh họa</subfield>
   <subfield code="c">24 cm</subfield>
  </datafield>
  <datafield tag="520" ind1="3" ind2=" ">
   <subfield code="a">Cuốn sách này không chỉ là tài liệu hướng dẫn mà còn là một cẩm nang thực tế giúp các doanh nghiệp khởi nghiệp và những người mới bắt đầu tìm được hướng đi phù hợp trong lĩnh vực kinh doanh online.</subfield>
  </datafield>
  <datafield tag="653" ind1=" " ind2=" ">
   <subfield code="a">Quản trị kinh doanh</subfield>
  </datafield>
  <datafield tag="700" ind1="1" ind2=" ">
   <subfield code="a">Lê Thị Hồng Rang</subfield>
  </datafield>
  <datafield tag="700" ind1="1" ind2=" ">
   <subfield code="a">Tăng Tấn Minh</subfield>
  </datafield>
  <datafield tag="942" ind1=" " ind2=" ">
   <subfield code="2">ddc</subfield>
   <subfield code="c">BK</subfield>
  </datafield>
  <datafield tag="952" ind1=" " ind2=" ">
   <subfield code="0">0</subfield>
   <subfield code="1">0</subfield>
   <subfield code="2">ddc</subfield>
   <subfield code="4">0</subfield>
   <subfield code="6">658_872000000000000_A105</subfield>
   <subfield code="7">0</subfield>
   <subfield code="9">31100</subfield>
   <subfield code="a">000001</subfield>
   <subfield code="b">000001</subfield>
   <subfield code="d">2025-07-01</subfield>
   <subfield code="o">658.872 A105</subfield>
   <subfield code="p">MD.24167</subfield>
   <subfield code="r">2025-07-01</subfield>
   <subfield code="v">209000.00</subfield>
   <subfield code="w">2025-07-01</subfield>
   <subfield code="y">BK</subfield>
  </datafield>
  <datafield tag="980" ind1=" " ind2=" ">
   <subfield code="a">Thư viện Trường Đại học Nam Cần Thơ</subfield>
  </datafield>
 </record>
</collection>
